000 00287nam a22001337a 4500
008 170529b xxu||||| |||| 00| 0 eng d
020 _a3528050977
041 _ager
080 _a621
100 _a27
101 _aIM
245 _aAUTOMATISIERUNGSTECHNIK
_cSTREJC,V
942 _2udc
_cBK
999 _c14766
_d14766